[Event "Moscow Open 2009 B"]
[Site "www.moscowchessopen.ru"]
[Date "2009.02.01"]
[Round "2.134"]
[White "Klyuev, Alexander S"]
[Black "Kartsev, Sergei"]
[Result "1-0"]
[WhiteElo "1755"]
[BlackElo "2114"]
[Annotator ""]
[Source ""]
[Remark ""]

1.c4 c5 2.Nc3 Nc6 3.g3 g6 4.Bg2 Bg7 5.d3 e6 6.e4 Nge7 7.Nge2
d6 8.O-O O-O 9.f4 Nd4 10.Nxd4 cxd4 11.Ne2 Rb8 12.a4 f5 13.exf5
Nxf5 14.Kh1 Bd7 15.Ng1 Bc6 16.Nf3 Qb6 17.a5 Qc7 18.b4 a6 19.Qb3
Ne3 20.Bxe3 dxe3 21.Rae1 Bxf3 22.Bxf3 Bd4 23.h4 Kh8 24.Kg2 Qg7
25.b5 e5 26.fxe5 Qxe5 27.Be4 g5 28.hxg5 Qxg5 29.Qd1 axb5 30.cxb5
d5 31.Bf3 Be5 32.Bg4 Rg8 33.Rf5 Qg7 34.Rh5 Qxg4 35.Rxh7+ Kxh7
36.Rh1+ Kg7 37.Qxg4+ Kf6 38.Rh6+ 1-0

[Event "Moscow Open 2009 B"]
[Site "www.moscowchessopen.ru"]
[Date "2009.02.01"]
[Round "2.138"]
[White "Velikanov, Igor"]
[Black "Makushkin, Nikolay"]
[Result "1-0"]
[WhiteElo "2292"]
[BlackElo "1949"]
[Annotator ""]
[Source ""]
[Remark ""]

1.Nf3 d5 2.d4 Nf6 3.c4 c5 4.Nc3 e6 5.e3 Bd6 6.Bd3 Nbd7 7.e4 dxe4
8.Nxe4 Nxe4 9.Bxe4 Nf6 10.Bc2 h6 11.O-O O-O 12.b3 Nd7 13.Qd3
f5 14.Bb2 Nf6 15.Rad1 Bd7 16.Rfe1 Qe7 17.Qe2 1-0

[Event "Moscow Open 2009 B"]
[Site "www.moscowchessopen.ru"]
[Date "2009.02.01"]
[Round "2.139"]
[White "Matveev, Mikhail"]
[Black "Absoliamov, Javday"]
[Result "1-0"]
[WhiteElo "2245"]
[BlackElo "1948"]
[Annotator ""]
[Source ""]
[Remark ""]

1.e4 c5 2.Nf3 d6 3.d4 cxd4 4.Nxd4 Nf6 5.Nc3 a6 6.Be3 e5 7.Nb3
Be6 8.f3 Be7 9.Qd2 Qc7 10.O-O-O Nbd7 11.g4 Nc5 12.h4 Rc8 13.Kb1
b5 14.h5 Nfd7 15.Rg1 Nb6 16.g5 Nc4 17.Bxc4 Bxc4 18.g6 hxg6 19.hxg6
f6 20.Nxc5 dxc5 21.Nd5 Bxd5 22.Qxd5 Rf8 23.Bh6 Qc6 24.Bxg7 Qxd5
25.Rxd5 Rg8 26.Bh6 Rd8 27.c4 bxc4 28.Rxd8+ Bxd8 29.Kc2 Ba5 30.Be3
Kf8 31.Bh6+ Ke7 32.Bd2 Bb6 33.Be3 Ke6 34.Kc3 f5 35.Kxc4 a5 36.g7
Kf7 37.exf5 Ba7 38.Bxc5 Bxc5 39.Kxc5 Kf6 40.Kd6 Rd8+ 41.Kc7 Rg8
42.Kd7 a4 43.Rg2 Kf7 44.Rg6 e4 45.fxe4 a3 46.bxa3 Rd8+ 47.Kxd8
Kg8 48.Ke7 1-0

[Event "Moscow Open 2009 B"]
[Site "www.moscowchessopen.ru"]
[Date "2009.02.01"]
[Round "2.140"]
[White "Shuvalov, Evgenij"]
[Black "Lobanov, Igor"]
[Result "1-0"]
[WhiteElo "2213"]
[BlackElo "1948"]
[Annotator ""]
[Source ""]
[Remark ""]

1.Nf3 d5 2.c4 e6 3.g3 Nf6 4.Bg2 d4 5.O-O Be7 6.d3 c5 7.b4 cxb4
8.a3 Nc6 9.axb4 Bxb4 10.Ba3 O-O 11.Bxb4 Nxb4 12.Qb3 Nc6 13.Na3
e5 14.Nc2 Qc7 15.Rfb1 Rb8 16.Nb4 Na5 17.Qa3 b6 18.Nd5 Nxd5 19.cxd5
Re8 20.Rc1 Qd8 21.d6 Re6 22.Rc7 Rxd6 23.Rac1 f6 24.Rxc8 Rxc8
25.Rxc8 Qxc8 26.Qxd6 Qc1+ 27.Bf1 1-0

[Event "Moscow Open 2009 B"]
[Site "www.moscowchessopen.ru"]
[Date "2009.02.01"]
[Round "2.141"]
[White "Guseinov, Djelal"]
[Black "Davydenko, Andrey"]
[Result "0-1"]
[WhiteElo "1928"]
[BlackElo "2212"]
[Annotator ""]
[Source ""]
[Remark ""]

1.d4 Nf6 2.c4 g6 3.Nc3 Bg7 4.e4 d6 5.Be2 O-O 6.Nf3 e5 7.O-O Nc6
8.d5 Ne7 9.Ne1 Nd7 10.Be3 f5 11.f3 f4 12.Bf2 h5 13.a4 a5 14.Nd3
b6 15.b4 g5 16.c5 axb4 17.cxd6 bxc3 18.dxe7 Qxe7 19.Qb3 Ba6 20.Qxc3
Rac8 21.Nc1 Bxe2 22.Nxe2 Rf6 23.Rfc1 Bf8 24.a5 bxa5 25.Rxa5 Qg7
26.Qd3 g4 27.fxg4 hxg4 28.Ra7 Bd6 29.Rc6 Rb8 30.Ra1 Qh7 31.Rc2
Rh6 32.h3 gxh3 33.g3 h2+ 34.Kh1 Nf6 35.Rf1 Nxe4 36.Qd1 Nxf2+
37.Rxf2 Qe4+ 38.Rg2 f3 0-1

[Event "Moscow Open 2009 B"]
[Site "www.moscowchessopen.ru"]
[Date "2009.02.01"]
[Round "2.142"]
[White "Asgarov, Mushfig Nizami Oglu"]
[Black "Sarkisian, Vagan"]
[Result "1-0"]
[WhiteElo "2192"]
[BlackElo "1931"]
[Annotator ""]
[Source ""]
[Remark ""]

1.e4 e5 2.Nf3 Nf6 3.Nxe5 d6 4.Nf3 Nxe4 5.Nc3 Nxc3 6.dxc3 Be7
7.Be3 Nc6 8.Qd2 Bg4 9.O-O-O Qd7 10.Bb5 O-O-O 11.Bxa7 Bxf3 12.gxf3
Qe6 13.Rhe1 Qxa2 14.Qf4 Qxa7 15.Bxc6 Bf6 16.Qf5+ Kb8 17.Qb5 Be5
18.Re4 Qb6 19.Rb4 Qxb5 20.Rxb5 Ka7 21.Rxb7+ Ka6 22.Kd2 1-0

[Event "Moscow Open 2009 B"]
[Site "www.moscowchessopen.ru"]
[Date "2009.02.01"]
[Round "2.143"]
[White "Savin, Boris"]
[Black "Kapov, Adam"]
[Result "0-1"]
[WhiteElo "2189"]
[BlackElo "1927"]
[Annotator ""]
[Source ""]
[Remark ""]

1.d4 Nf6 2.c4 e6 3.g3 d5 4.Bg2 c6 5.Nf3 Be7 6.O-O O-O 7.b3 Nbd7
8.Bb2 Qb6 9.Nbd2 a5 10.Qc2 Qa6 11.Ne5 a4 12.e4 b5 13.cxd5 cxd5
14.Nc6 Bc5 15.dxc5 Qxc6 16.b4 Bb7 17.e5 Ng4 18.Nf3 Qc7 19.Rfe1
Nh6 20.Nd4 Bc6 21.f4 Qb7 22.h3 Kh8 23.g4 Rfe8 24.f5 exf5 25.Nxf5
Nxf5 26.gxf5 Qc7 27.Qc3 a3 28.Bxa3 Nxe5 29.Bb2 f6 30.Qc2 Nf3+
31.Bxf3 Qg3+ 32.Bg2 Rxe1+ 33.Rxe1 Qxe1+ 34.Kh2 Qxb4 35.a3 Qf4+
36.Kh1 Re8 37.Bc3 d4 38.Bxc6 Qf1+ 39.Kh2 Re2+ 0-1

[Event "Moscow Open 2009 B"]
[Site "www.moscowchessopen.ru"]
[Date "2009.02.01"]
[Round "2.144"]
[White "Voronov, Vladimir Yu"]
[Black "Martynov, Vladimir"]
[Result "0-1"]
[WhiteElo "1926"]
[BlackElo "2184"]
[Annotator ""]
[Source ""]
[Remark ""]

1.Nf3 g6 2.d4 Bg7 3.e3 f5 4.b3 c5 5.Bb2 Nc6 6.Be2 d6 7.O-O Nh6
8.Na3 O-O 9.c4 f4 10.Qd2 fxe3 11.fxe3 Nf5 12.Nc2 a5 13.a3 e6
14.Rae1 d5 15.Bc1 dxc4 16.Bxc4 cxd4 17.exd4 Ncxd4 18.Nfxd4 Nxd4
19.Rxf8+ Kxf8 20.Qf4+ Kg8 21.Rd1 b5 22.Bf1 e5 23.Qe3 Bg4 24.Rd2
Qd5 25.Nxd4 exd4 26.Qd3 Be6 27.Qxb5 Qxb5 28.Bxb5 Bxb3 29.Rd3
a4 30.Bd2 Kf7 31.Kf2 Ke6 32.Rh3 Bf8 33.Rxh7 Bxa3 34.Rh6 Bc2 35.h4
Kf5 36.h5 Bf8 37.Rh7 Rb8 38.Bc4 Ke5 39.Ba2 Rb2 40.hxg6 a3 41.Ke1
Rxa2 42.Rb7 Be4 43.Rb5+ 0-1

[Event "Moscow Open 2009 B"]
[Site "www.moscowchessopen.ru"]
[Date "2009.02.01"]
[Round "2.145"]
[White "Kretov, Evgueij"]
[Black "Seregin, Alexey"]
[Result "1-0"]
[WhiteElo "2181"]
[BlackElo "1916"]
[Annotator ""]
[Source ""]
[Remark ""]

1.d4 e6 2.c4 f5 3.Nc3 Nf6 4.e3 Be7 5.Qc2 Nc6 6.a3 O-O 7.Bd3 e5
8.dxe5 Nxe5 9.Bxf5 Nxc4 10.Ne4 d5 11.Nxf6+ Bxf6 12.Bxh7+ Kh8
13.Ne2 Bxb2 14.Bxb2 Nxb2 15.Nf4 Qf6 16.Ra2 Nc4 17.Nxd5 Qf7 18.Qxc4
Kxh7 19.Qh4+ Kg8 20.Ne7+ 1-0

[Event "Moscow Open 2009 B"]
[Site "www.moscowchessopen.ru"]
[Date "2009.02.01"]
[Round "2.146"]
[White "Andreev, Volodymyr"]
[Black "Mamaev, Evgeniy"]
[Result "0-1"]
[WhiteElo "1915"]
[BlackElo "2179"]
[Annotator ""]
[Source ""]
[Remark ""]

1.e4 c5 2.f4 d5 3.exd5 Qxd5 4.Nc3 Qd8 5.Nf3 Nf6 6.Bc4 e6 7.d3
Be7 8.h3 O-O 9.Be3 Nd5 10.Qd2 Nxe3 11.Qxe3 Nc6 12.O-O-O Nd4 13.Ne2
Nxf3 14.Qxf3 Rb8 15.Rhe1 b5 16.Bb3 Qc7 17.c3 c4 18.Bc2 Bb7 19.Qh5
g6 20.Qg4 Bd5 21.d4 b4 22.Kd2 bxc3+ 23.bxc3 Rb2 24.Ra1 Be4 25.Rec1
Qc6 26.a4 Bxg2 27.Ke3 Rxc2 28.Rxc2 Qe4+ 29.Kf2 Bxh3 30.Qxh3 Qxc2
31.Qh1 Rb8 32.Qc6 Bh4+ 33.Kf1 Qd3 34.Qh1 Rb1+ 35.Rxb1 Qxb1+ 36.Kg2
Qe4+ 37.Kg1 Bf2+ 0-1

[Event "Moscow Open 2009 B"]
[Site "www.moscowchessopen.ru"]
[Date "2009.02.01"]
[Round "2.147"]
[White "Shubin, Gennady"]
[Black "Pluzhnik, Mikhail"]
[Result "0-1"]
[WhiteElo "1913"]
[BlackElo "2177"]
[Annotator ""]
[Source ""]
[Remark ""]

1.e4 c5 2.Nf3 e6 3.Nc3 Nc6 4.Be2 d6 5.d4 cxd4 6.Nxd4 Nf6 7.O-O
Be7 8.Be3 O-O 9.f4 a6 10.f5 Nxd4 11.Bxd4 b5 12.Bf3 Bb7 13.e5
Bxf3 14.Qxf3 dxe5 15.Bxe5 Qb6+ 16.Kh1 exf5 17.Qxf5 Qc6 18.Rad1
Rae8 19.Qg5 h6 20.Qg3 Rd8 21.Rde1 Nh5 22.Qg4 Qg6 23.Qxg6 fxg6
24.Rxf8+ Bxf8 25.a3 b4 26.axb4 Bxb4 27.g3 Rd2 28.Na2 Bc5 29.Bc3
Rxc2 30.Re5 Bf8 31.Ra5 Nf6 32.Rxa6 Ng4 33.Rxg6 Nxh2 34.Re6 Nf3 0-1

[Event "Moscow Open 2009 B"]
[Site "www.moscowchessopen.ru"]
[Date "2009.02.01"]
[Round "2.148"]
[White "Shapfiullin, Ildar"]
[Black "Rusinov, Mikhail"]
[Result "1-0"]
[WhiteElo "2175"]
[BlackElo "1911"]
[Annotator ""]
[Source ""]
[Remark ""]

1.d4 d6 2.Nf3 Nf6 3.Bg5 e6 4.Nbd2 Be7 5.e4 Nc6 6.c3 O-O 7.Bd3
b6 8.O-O Bb7 9.Qe2 Nd7 10.Bf4 e5 11.Bg3 exd4 12.Nxd4 Nxd4 13.cxd4
Bf6 14.Nb3 Re8 15.f4 c5 16.dxc5 Nxc5 17.Nxc5 Bd4+ 18.Kh1 dxc5
19.Rae1 Bxe4 20.Bxe4 f5 21.Qc4+ 1-0

[Event "Moscow Open 2009 B"]
[Site "www.moscowchessopen.ru"]
[Date "2009.02.01"]
[Round "2.149"]
[White "Surov, Anatoly"]
[Black "Bobrov, Yury"]
[Result "0-1"]
[WhiteElo "1905"]
[BlackElo "2169"]
[Annotator ""]
[Source ""]
[Remark ""]

1.e4 e5 2.f4 Bc5 3.Nf3 d6 4.Bc4 c6 5.c3 Qe7 6.d3 d5 7.exd5 exf4+
8.Qe2 Qxe2+ 9.Kxe2 Bd6 10.Ng5 Nf6 11.dxc6 O-O 12.Rf1 Bg4+ 13.Kd2
Nxc6 14.Kc2 Ne5 15.Bxf4 Nxc4 16.dxc4 Rad8 17.b4 Be2 18.Bxd6 Rxd6
19.Rf4 Rfd8 20.c5 Rd1 21.Kb2 Bh5 22.Rf2 Ng4 23.Rf4 Ne5 24.Re4
Nd3+ 25.Ka3 Ne1 26.Kb2 h6 27.Nf3 Nxf3 28.gxf3 Bxf3 29.Re3 Bg4
30.a4 Be6 31.b5 a5 32.Re5 Rh1 33.Re2 Rc8 34.Nd2 Rxa1 35.Kxa1
Rxc5 36.Kb2 Kf8 37.Re4 Ke7 38.c4 f5 39.Rd4 g5 40.Kc3 g4 41.Nb3
Re5 42.Nxa5 Bc8 43.Kd3 h5 44.Nb3 h4 45.a5 g3 46.hxg3 hxg3 47.Nd2
g2 48.Nf3 Re1 49.Kc2 g1Q 50.Nxg1 Rxg1 51.Kc3 Rg6 52.c5 Rf6 53.Rf4
Ke6 54.Kd4 Rf8 55.Rf2 Rd8+ 56.Kc4 Ke5 57.Re2+ Kf6 58.c6 bxc6
59.bxc6 Ba6+ 0-1

[Event "Moscow Open 2009 B"]
[Site "www.moscowchessopen.ru"]
[Date "2009.02.01"]
[Round "2.150"]
[White "Krutov, Sergey"]
[Black "Gumirov, Konstantin L"]
[Result "0-1"]
[WhiteElo "1899"]
[BlackElo "2163"]
[Annotator ""]
[Source ""]
[Remark ""]

1.e4 e5 2.Nc3 Bc5 3.d3 d6 4.g3 Qf6 5.Qf3 c6 6.Bg2 h5 7.Qxf6 Nxf6
8.h3 Na6 9.a3 b5 10.b4 Bb6 11.Nge2 Bd7 12.f4 Rc8 13.fxe5 dxe5
14.Bg5 Nh7 15.Bd2 O-O 16.Rb1 Nc7 17.a4 a5 18.bxa5 Bxa5 19.Kd1
b4 20.Na2 c5 21.Ra1 Ne6 22.Nac1 c4 23.dxc4 Rxc4 24.Nb3 Bb6 25.a5
Ba7 26.c3 bxc3 27.Bxc3 Ba4 28.Rxa4 Rxa4 29.Bxe5 Ra2 30.Nf4 Nxf4
31.gxf4 Rxg2 32.Re1 Rd8+ 33.Kc1 f6 34.Bb2 Rc8+ 35.Kb1 Rb8 36.Ka2
Bd4 37.Nxd4 Rgxb2+ 38.Ka3 Rb1 39.Rxb1 Rxb1 0-1

[Event "Moscow Open 2009 B"]
[Site "www.moscowchessopen.ru"]
[Date "2009.02.01"]
[Round "2.151"]
[White "Popelyshev, Igor V"]
[Black "Dubov, Alexandr"]
[Result "1/2-1/2"]
[WhiteElo "2159"]
[BlackElo "1903"]
[Annotator ""]
[Source ""]
[Remark ""]

1.e4 c5 2.Na3 d6 3.Bb5+ Bd7 4.Bxd7+ Nxd7 5.f4 Ngf6 6.d3 g6 7.Nf3
Bg7 8.O-O O-O 9.Qe1 Rb8 10.Nc4 b5 11.Ne3 b4 12.Qh4 Nb6 13.f5
Qc8 14.g4 c4 15.g5 Ne8 16.d4 c3 17.b3 Qd7 18.a4 d5 19.fxg6 fxg6
20.e5 a5 21.Ng2 Nc7 22.Be3 Rf7 23.Rf2 Rbf8 24.Raf1 Ne6 25.Nfe1
Rxf2 26.Rxf2 Na8 27.Nd3 Nac7 28.Ngf4 Nxf4 29.Rxf4 Rxf4 30.Qxf4
Ne6 31.Qg4 Qc6 32.Nf4 Nxf4 33.Bxf4 Kf7 34.Kg2 Qe6 35.Qxe6+ Kxe6 1/2-1/2

[Event "Moscow Open 2009 B"]
[Site "www.moscowchessopen.ru"]
[Date "2009.02.01"]
[Round "2.152"]
[White "Meshechko, Julia"]
[Black "Rublev, Sergey"]
[Result "1/2-1/2"]
[WhiteElo "1897"]
[BlackElo "2128"]
[Annotator ""]
[Source ""]
[Remark ""]

1.e4 e5 2.Nf3 Nc6 3.d4 exd4 4.Nxd4 Bc5 5.Nxc6 Qf6 6.Qd2 dxc6
7.Bd3 Be6 8.O-O O-O-O 9.Qf4 Bd4 10.Qxf6 Nxf6 11.Nd2 c5 12.a4
Rhe8 13.Rb1 c4 14.Nxc4 Bxc4 15.Bxc4 Nxe4 16.c3 Bc5 17.Bxf7 Re7
18.Bc4 Nxf2 19.b4 Nh3+ 20.Kh1 Nf2+ 1/2-1/2

[Event "Moscow Open 2009 B"]
[Site "www.moscowchessopen.ru"]
[Date "2009.02.01"]
[Round "2.153"]
[White "Kuleshov, Viktor"]
[Black "Smotriakov, Arkady"]
[Result "0-1"]
[WhiteElo "1891"]
[BlackElo "2101"]
[Annotator ""]
[Source ""]
[Remark ""]

1.e4 c5 2.Nf3 d6 3.d4 cxd4 4.Nxd4 Nf6 5.Nc3 Nc6 6.Bg5 e6 7.Qd2
a6 8.O-O-O Bd7 9.f3 h6 10.Be3 b5 11.Bd3 Qc7 12.g4 b4 13.Nce2
d5 14.Nxc6 Bxc6 15.e5 Nd7 16.f4 Nc5 17.Nd4 Nxd3+ 18.Qxd3 Bd7
19.h4 Bc5 20.Kb1 Qb6 21.f5 O-O-O 22.Rhf1 Rdf8 23.Rf3 Kb8 24.Rdf1
Rc8 25.Qd2 Bxd4 26.Bxd4 Qb7 27.Rb3 a5 28.Rbf3 Rc7 29.a3 Rhc8
30.Rc1 Rc4 31.axb4 axb4 32.b3 R4c7 33.f6 g5 34.hxg5 hxg5 35.Rh3
Qb5 36.Rh7 Bc6 37.Kb2 Be8 38.Rh5 Kb7 39.c3 Ra8 40.Ra1 Rxa1 41.Kxa1 0-1

[Event "Moscow Open 2009 B"]
[Site "www.moscowchessopen.ru"]
[Date "2009.02.01"]
[Round "2.154"]
[White "Jorov, Boris"]
[Black "Babkin, Ivan"]
[Result "0-1"]
[WhiteElo "2099"]
[BlackElo "1890"]
[Annotator ""]
[Source ""]
[Remark ""]

1.c4 c5 2.Nc3 Nc6 3.g3 g6 4.Bg2 Bg7 5.Nf3 e5 6.d3 h6 7.O-O d6
8.a3 Nge7 9.Rb1 a5 10.Ne1 O-O 11.Nc2 Rb8 12.b4 b6 13.Nd5 Bd7
14.Nce3 Nxd5 15.Nxd5 Ne7 16.Bd2 Nxd5 17.Bxd5 Qc7 18.Qc1 h5 19.b5
Bc8 20.f4 Bb7 21.e4 Bxd5 22.exd5 Qd7 23.fxe5 Bxe5 24.Bc3 Rbe8
25.Qd2 Qg4 26.Rbe1 Bxc3 27.Qxc3 Rxe1 28.Rxe1 h4 29.Re4 Qd1+ 30.Kf2
hxg3+ 31.hxg3 Qh5 32.Rh4 Qf5+ 33.Kg2 f6 34.Rf4 Qh5 35.Qe1 Qe5
36.Re4 Qb2+ 37.Kh3 Rf7 38.Re8+ Kg7 39.Rb8 Kh6 40.Qe3+ g5 41.Qe4
f5 42.Qe6+ Kg7 43.Rh8 g4+ 44.Kh4 Qh2+ 45.Kg5 Qxh8 46.Qg6+ Kf8
47.Qxd6+ Kg8 48.Qb8+ Kh7 49.Qxb6 Qg7+ 0-1

[Event "Moscow Open 2009 B"]
[Site "www.moscowchessopen.ru"]
[Date "2009.02.01"]
[Round "2.155"]
[White "Shurunov, Andrei"]
[Black "Andronov, Ilya"]
[Result "0-1"]
[WhiteElo "1882"]
[BlackElo "2091"]
[Annotator ""]
[Source ""]
[Remark ""]

1.e4 c5 2.Nf3 e6 3.d4 cxd4 4.Nxd4 Nf6 5.Nc3 d6 6.Be3 Nc6 7.Be2
Be7 8.Qd2 O-O 9.O-O-O a6 10.f3 Qc7 11.g4 b5 12.h4 b4 13.Na4 Nxd4
14.Bxd4 Rb8 15.Bxf6 gxf6 16.b3 Qa5 17.g5 f5 18.exf5 Qxf5 19.Bd3
Qe5 20.Kb1 f5 21.Rde1 Qg7 22.f4 a5 23.h5 Bd7 24.Bc4 d5 25.Bxd5
Rfd8 26.Rxe6 Bxe6 27.Bxe6+ Kh8 28.Qe2 Qd4 29.Bc4 Qe4 30.Qh2 Rd2
31.Qxd2 Qxh1+ 32.Kb2 Rd8 33.Qf2 Rd1 34.c3 Rb1+ 35.Kc2 Qd1# 0-1

[Event "Moscow Open 2009 B"]
[Site "www.moscowchessopen.ru"]
[Date "2009.02.01"]
[Round "2.156"]
[White "Konovalov, Viatcheslav"]
[Black "Emdin, Mark"]
[Result "1/2-1/2"]
[WhiteElo "2086"]
[BlackElo "1885"]
[Annotator ""]
[Source ""]
[Remark ""]

1.d4 d5 2.Nf3 Nf6 3.e3 e6 4.Bd3 c5 5.c3 Bd6 6.Qe2 Nc6 7.Nbd2
O-O 8.dxc5 Bxc5 9.e4 e5 10.O-O Bg4 11.h3 Bh5 12.exd5 Nxd5 13.Nc4
Re8 14.Rd1 e4 15.Bxe4 Bg6 16.Nce5 Bxe4 17.Qxe4 Nxe5 18.Qxd5 Qc7
19.Bf4 Nxf3+ 20.Qxf3 Qe7 21.Rd5 Bb6 22.Re5 Qf6 23.Rae1 Rxe5 24.Rxe5
Bc7 25.Re4 Bxf4 26.Rxf4 Qe7 27.Re4 Qd7 28.Qe3 a6 29.Re7 Qc6 30.Qf4
Rf8 31.c4 b5 32.Rc7 Qe6 33.c5 Qxa2 34.c6 Qd5 35.b4 h6 36.Qg4
Kh7 37.Qd7 Qc4 38.Qd6 Re8 1/2-1/2

[Event "Moscow Open 2009 B"]
[Site "www.moscowchessopen.ru"]
[Date "2009.02.01"]
[Round "2.157"]
[White "Kanjaryan, Vladimir"]
[Black "Chapygin, Sergey"]
[Result "0-1"]
[WhiteElo "1877"]
[BlackElo "2085"]
[Annotator ""]
[Source ""]
[Remark ""]

1.e4 e6 2.d4 d5 3.e5 Nc6 4.Nf3 Qd7 5.a3 b6 6.Bd3 Bb7 7.O-O O-O-O
8.b4 f6 9.c3 Nge7 10.exf6 gxf6 11.Qe2 Ng6 12.a4 Bd6 13.a5 e5
14.Bb5 e4 15.Ne1 Bf4 16.axb6 cxb6 17.Be3 Bb8 18.g3 h5 19.Ng2
h4 20.Rc1 hxg3 21.fxg3 Qh3 22.c4 Qxh2+ 23.Kf1 Qxg3 24.Bxc6 Rh1+
25.Bg1 Nf4 26.Bxb7+ Kxb7 27.Qf2 Qd3+ 28.Ke1 Rxg1+ 0-1

[Event "Moscow Open 2009 B"]
[Site "www.moscowchessopen.ru"]
[Date "2009.02.01"]
[Round "2.158"]
[White "Savchuk, Vladimir"]
[Black "Krylov, Ivan"]
[Result "1-0"]
[WhiteElo "2081"]
[BlackElo "1877"]
[Annotator ""]
[Source ""]
[Remark ""]

1.d4 Nf6 2.c4 c5 3.e3 g6 4.Nf3 Bg7 5.Bd3 O-O 6.O-O d6 7.h3 Nc6
8.Nc3 cxd4 9.exd4 d5 10.a3 dxc4 11.Bxc4 Bf5 12.d5 Na5 13.Ba2
Ne4 14.Nxe4 Bxe4 15.Re1 Bxf3 16.Qxf3 Qc7 17.Bf4 Qc2 18.Rab1 b5
19.Rxe7 Nc4 20.d6 Rfe8 21.d7 Rf8 1-0

[Event "Moscow Open 2009 B"]
[Site "www.moscowchessopen.ru"]
[Date "2009.02.01"]
[Round "2.159"]
[White "Skoriak, Ivan"]
[Black "Alieva, Nurlana"]
[Result "0-1"]
[WhiteElo "2080"]
[BlackElo "1874"]
[Annotator ""]
[Source ""]
[Remark ""]

1.e4 c5 2.Nf3 e6 3.d4 cxd4 4.Nxd4 a6 5.Nc3 b5 6.Bd3 Bb7 7.O-O
Qc7 8.Be3 Nf6 9.f3 Bd6 10.f4 b4 11.Ncb5 axb5 12.Nxb5 Qc6 13.Qe2
Be7 14.e5 Nd5 15.Bd4 O-O 16.Rf3 f5 17.c4 bxc3 18.bxc3 Na6 19.Rb1
Nc5 20.c4 Nxf4 21.Rxf4 Nxd3 22.Rf3 Nc5 23.a3 Qe4 24.Qd1 f4 25.Nd6
Bxd6 26.exd6 Qg6 27.Rb5 Bxf3 28.Qxf3 Ne4 29.h4 Ng3 30.Bxg7 Rfb8
31.Kh2 Ne4 32.Re5 Qg3+ 33.Qxg3 fxg3+ 34.Kh3 Kxg7 35.Rxe4 Rxa3
36.c5 h5 37.c6 0-1

[Event "Moscow Open 2009 B"]
[Site "www.moscowchessopen.ru"]
[Date "2009.02.01"]
[Round "2.160"]
[White "Piatin, Oleg"]
[Black "Malyshev, Roman B"]
[Result "1-0"]
[WhiteElo "2076"]
[BlackElo "1856"]
[Annotator ""]
[Source ""]
[Remark ""]

1.e4 d6 2.d4 Nf6 3.Nc3 g6 4.f4 Bg7 5.Nf3 O-O 6.Bd3 e5 7.dxe5
dxe5 8.Nxe5 Nbd7 9.Nxd7 Nxd7 10.Be3 Qh4+ 11.g3 Qh3 12.Bf1 Qe6
13.Bd4 Nf6 14.Qe2 c6 15.O-O-O Qe8 16.h3 b6 17.g4 Bb7 18.Bg2 Qc8
19.f5 Bh6+ 20.Kb1 Nd7 21.e5 c5 22.Bxb7 Qxb7 23.Be3 Bxe3 24.Qxe3
Rfe8 25.e6 fxe6 26.fxg6 hxg6 27.Ne4 Re7 28.Qg5 Nf8 29.Rhe1 Rf7
30.Nf6+ Kg7 31.Qe5 Nh7 32.Nd7+ Kg8 33.Qxe6 Ng5 34.Qxg6+ Rg7 35.Nf6+
Kh8 36.Qh5+ Nh7 37.g5 Rxg5 38.Qh4 Rg7 39.Nxh7 Rxh7 40.Rd8+ Rxd8
41.Qxd8+ Kg7 42.Qg5+ 1-0

[Event "Moscow Open 2009 B"]
[Site "www.moscowchessopen.ru"]
[Date "2009.02.01"]
[Round "2.161"]
[White "Sedenko, Anatoly"]
[Black "Paldyaev, Vladislav"]
[Result "1-0"]
[WhiteElo "2073"]
[BlackElo "1853"]
[Annotator ""]
[Source ""]
[Remark ""]

1.Nf3 c5 2.c4 Nc6 3.d4 cxd4 4.Nxd4 e5 5.Nxc6 bxc6 6.g3 Bc5 7.Bg2
Qb6 8.O-O Nf6 9.Nc3 Qc7 10.Bg5 Rb8 11.Bxf6 gxf6 12.e3 Be7 13.b3
h5 14.h4 d6 15.Qf3 Bb7 16.Rfd1 c5 17.Nd5 Bxd5 18.Qxd5 Qd7 19.Kh2
Qf5 20.Rd2 Rg8 21.Bh3 Qg6 22.e4 f5 23.exf5 Qf6 24.Re1 Rd8 25.Rde2
Qg7 26.Qe4 f6 27.Qf3 Rh8 28.Rd1 Qf7 29.Red2 Rh7 30.Qe2 Qg8 31.Qe4
Qf8 32.Qb7 a5 33.Bg2 Kf7 34.Rxd6 Rxd6 35.Rxd6 Kg8 36.Bd5+ Kh8
37.Ra6 Bd8 38.Qc6 Rc7 39.Qe6 Be7 40.Rxa5 Kg7 41.Ra8 Bd8 42.a4
Re7 43.Qd6 Re8 44.Qd7+ Kh6 45.Be6 Re7 46.Qxd8 Qg7 47.Qh8+ Qxh8
48.Rxh8+ Kg7 49.Ra8 1-0

[Event "Moscow Open 2009 B"]
[Site "www.moscowchessopen.ru"]
[Date "2009.02.01"]
[Round "2.162"]
[White "De Luna Butz, Alberto"]
[Black "Grigoriev, Radimir"]
[Result "0-1"]
[WhiteElo "1849"]
[BlackElo "2065"]
[Annotator ""]
[Source ""]
[Remark ""]

1.d4 d5 2.c4 e6 3.Nc3 Nf6 4.cxd5 exd5 5.Bg5 Be7 6.e3 O-O 7.Bd3
Bg4 8.f3 Bh5 9.g4 Bg6 10.Bxg6 hxg6 11.Qb3 Nbd7 12.Qxb7 Rb8 13.Qxa7
Rxb2 14.Nge2 Nb6 15.O-O Nh7 16.Bf4 Bd6 17.Bxd6 Qxd6 18.Rab1 Rxb1
19.Rxb1 Ng5 20.f4 Nf3+ 21.Kf2 Nd2 22.Rb5 Re8 23.Rc5 Qe7 24.Nd1
Ne4+ 25.Kf1 Nxc5 26.dxc5 Qxc5 27.Nd4 Ra8 28.Qb7 Rxa2 29.Qb8+
Kh7 30.Nf3 f6 31.Qe8 Qc2 0-1

[Event "Moscow Open 2009 B"]
[Site "www.moscowchessopen.ru"]
[Date "2009.02.01"]
[Round "2.164"]
[White "Kovalev, Evgeny I"]
[Black "Baskakov, Nikolay"]
[Result "1-0"]
[WhiteElo "1832"]
[BlackElo "2055"]
[Annotator ""]
[Source ""]
[Remark ""]

1.e4 c5 2.Nf3 d6 3.d4 cxd4 4.Nxd4 Nf6 5.Nc3 a6 6.Bg5 e6 7.f4
Nbd7 8.Qf3 Qc7 9.O-O-O b5 10.g4 Be7 11.Bxf6 gxf6 12.f5 e5 13.Nd5
Qb7 14.Nb3 a5 15.Bxb5 a4 16.Nd2 Bd8 17.Nc4 O-O 18.Nxd6 Qb8 19.Nxc8
Qxb5 20.Nce7+ Kh8 21.Qa3 Re8 22.Nc3 Qb7 23.Ned5 Nb6 24.Nb5 Nc4
25.Qb4 Qc6 26.Na3 Rc8 27.Nxc4 Qxc4 28.Qxc4 Rxc4 29.Rhe1 Kg7 30.b3
axb3 31.axb3 Rc5 32.Kb2 Ba5 33.b4 Rb8 34.c3 Bd8 35.Ka3 Rc6 36.Kb3
Rbc8 37.Rc1 Rc4 38.Kc2 Rd4 39.Rcd1 Rdc4 40.Kd3 R4c6 41.Rc1 Rc4
42.Re2 Rd4+ 43.Kc2 Rcc4 44.Rce1 Rc8 45.Rd2 Rdc4 46.Kd3 R4c6 47.Ra1
Kh6 48.h4 Kg7 49.b5 Rc5 50.Rb2 Rb8 51.b6 h5 52.gxh5 Kh6 53.b7
Ba5 54.c4 Kxh5 55.Nxf6+ Kxh4 56.Nd7 1-0

[Event "Moscow Open 2009 B"]
[Site "www.moscowchessopen.ru"]
[Date "2009.02.01"]
[Round "2.165"]
[White "Glazkov, Arseny"]
[Black "Kvasov, Sergey"]
[Result "1-0"]
[WhiteElo "2055"]
[BlackElo "1850"]
[Annotator ""]
[Source ""]
[Remark ""]

1.e4 Nf6 2.e5 Nd5 3.d4 d6 4.c4 Nb6 5.exd6 cxd6 6.Nc3 g6 7.Be3
Bg7 8.Rc1 Nc6 9.b3 O-O 10.d5 Ne5 11.Be2 Ned7 12.Nf3 Nf6 13.Nd4
Nbd7 14.O-O Ne5 15.h3 Ned7 16.f4 Nc5 17.Bf3 Ne8 18.b4 Nd7 19.Nb3
Nb6 20.c5 Nc4 21.Bd4 e5 22.dxe6 fxe6 23.Bxg7 Nxg7 24.Qd4 d5 25.Nxd5
exd5 26.Bxd5+ Be6 27.Bxe6+ Nxe6 28.Qxc4 Qf6 29.Rce1 Rfe8 30.Qd5
Qf7 31.Na5 b6 32.Nb7 Qf6 33.Nd6 Rad8 34.Nxe8 Rxe8 35.f5 gxf5
36.Rxf5 Qh6 37.Rfe5 1-0

[Event "Moscow Open 2009 B"]
[Site "www.moscowchessopen.ru"]
[Date "2009.02.01"]
[Round "2.166"]
[White "Galynin, Dmitri"]
[Black "Lev, Nikolay"]
[Result "1-0"]
[WhiteElo "2049"]
[BlackElo "1846"]
[Annotator ""]
[Source ""]
[Remark ""]

1.c4 Nf6 2.Nc3 e6 3.g3 Bb4 4.Bg2 Nc6 5.e3 O-O 6.Nge2 d6 7.O-O
Bxc3 8.Nxc3 e5 9.d4 a6 10.a3 Bd7 11.b4 Rb8 12.Bb2 Ne7 13.dxe5
dxe5 14.Nd5 Nfxd5 15.cxd5 Ng6 16.Rc1 b6 17.h4 Bb5 18.Re1 Qd6
19.h5 Ne7 20.f4 f6 21.h6 Nf5 22.hxg7 Rf7 23.fxe5 fxe5 24.Qh5
Rc8 25.Be4 Bd7 26.g4 Nh6 27.g5 Rxg7 28.Rf1 Ng4 29.Rc6 Bxc6 30.dxc6
Qe7 31.Bxh7+ Rxh7 32.Qxg4 Rg7 33.Rf5 Qd6 34.Qc4+ Qe6 35.Qe4 Qd6
36.Bxe5 Qd1+ 37.Kf2 Qb3 38.Qf4 Rf7 39.Rxf7 Qxf7 40.Bxc7 Qa2+
41.Kg3 Rf8 42.Qe4 Qf2+ 43.Kg4 Qe2+ 44.Kh4 Qf2+ 45.Bg3 Qf7 46.c7
Rc8 47.g6 Qf6+ 48.Kh5 Kf8 49.Be5 Qe7 50.Qf5+ Kg8 51.Qxc8+ 1-0

[Event "Moscow Open 2009 B"]
[Site "www.moscowchessopen.ru"]
[Date "2009.02.01"]
[Round "2.167"]
[White "Firstov, Pavel"]
[Black "Petukhov, Nikolay"]
[Result "1/2-1/2"]
[WhiteElo "2043"]
[BlackElo "1843"]
[Annotator ""]
[Source ""]
[Remark ""]

1.d4 d5 2.c4 e6 3.Nf3 c6 4.Qc2 Bb4+ 5.Bd2 Qa5 6.g3 Nf6 7.Bg2
Ne4 8.O-O Nxd2 9.Nbxd2 dxc4 10.Nxc4 Qh5 11.e4 O-O 12.a3 Be7 13.Rad1
b6 14.Rfe1 Bb7 15.b4 Nd7 16.Ne3 Rac8 17.g4 Qh6 18.Qb3 Qf4 19.d5
cxd5 20.exd5 Nf6 21.Rd4 Qd6 22.Nc4 Qb8 23.dxe6 fxe6 24.Rxe6 Rc7
25.Nd6 Rc1+ 26.Re1+ Bd5 27.Rxd5 Rxe1+ 28.Nxe1 Kh8 29.Nf5 Nxd5
30.Qxd5 Bf6 31.Nf3 Rd8 32.Qf7 Qf4 33.Ne3 Rc8 34.Qd7 Rc1+ 35.Nd1
h6 36.g5 hxg5 37.Qe8+ Kh7 38.Qh5+ 1/2-1/2